000 01047nam a22003377a 4500
003 CHAP
005 20220817043359.0
008 971013s1971 r 00010 d
010 _a73829
011 _a74801
035 _a84360
040 _cCHAP
090 _aFolleto 9681
100 0 0 _aHarnecker, Marta.
_952776
245 _aExplotación y explotadores
260 _aMéxico D. F. :
_bNuevos Horizontes,
_c(1971)
300 _a61 p. ilus.
490 _aCuadernos de educación popular
_v; 1
590 _aBATCH-UPD
_b10
_c20130110
_lUCH01
_h0344
590 _aBATCH-UPD
_b10
_c20130110
_lUCH01
_h1938
590 _aBATCH-UPD
_b10
_c20130410
_lUCH01
_h0017
590 _aBATCH-UPD
_b10
_c20130914
_lUCH01
_h1108
590 _aCONVERSION
_b10
_c20130109
_lUCH01
_h1340
650 1 4 _aMaterialismo dialéctico.
650 1 4 _aTrabajo y trabajadores.
700 0 _aUribe, Gabriela.
_9116955
830 0 _aCuadernos de educación popular
_v; 1
_929773
901 _aBK
942 _cFOLL
949 _aFolleto 9681
_bBC
_cFOLL
_d-39658
_eTS1
_i84360
_si
999 _c73829
_d73829